Scrambled “U” Words - Statistics

General Stats
  • This quiz has been taken 27 times
  • The average score is 22 of 36
Answer Stats
Hint Answer % Correct
rdune under
100%
eculn uncle
95%
uinque unique
95%
urtal ultra
89%
uhser usher
89%
uowknnn unknown
84%
ultni until
84%
iaetmltu ultimate
79%
uoinsn unison
79%
duegrno undergo
74%
ernuseiv universe
74%
nryvsiiteu university
74%
eslsun unless
74%
uunsaul unusual
74%
wudne unwed
74%
plodau upload
74%
tdunei united
68%
sriigpun uprising
68%
ylulkeni unlikely
63%
rugeycn urgency
63%
nugter urgent
63%
ituuusoqib ubiquitous
58%
putihrg upright
58%
terrnewdua underwater
53%
mniauru uranium
53%
htlnuahey unhealthy
47%
lemyitun untimely
47%
eupalavh upheaval
47%
topuermps uppermost
42%
suuradtnol ultrasound
37%
pulnrpuao unpopular
37%
ntacniuer uncertain
26%
enferunseo unforeseen
26%
elatuhcin unethical
21%
seudnrnui uninsured
21%
riblaluene unreliable
21%
No matching quizzes found
Score Distribution
Percent of People with Each Score
Percentile by Number Answered
Your Score History
You have not taken this quiz